00334nam a2200097Ia 45000010005000000080041000050820023000461000042000692450104001112600021002151847241024s9999 xx 000 0 und d aRD/340/R426l/41-08 aRepública Dominicana. (Leyes, etc.) 0aLey No. 41-08 de función pública y crea la Secretaría de Estado de Administración Pública bEd. Lozanoc2008